000 01513nam a22002417a 4500
005 20260112162222.0
010 _aB-772150-170 HIN-130785 25BACHN25
020 _a9789355017383
_c625.00
035 _aB-772150-170
035 _aHN-103131
037 _bयू.डी.एच.पब्लिशर्स एण्ड डिस्ट्रीब्यूटर्स
037 _bDBAD
082 _21
_a000
100 _aअग्रवाल, आर एस
_986304
245 _aएस.एस.सी.रीजनिंग /
_cआर एस अग्रवाल
250 _a1
260 _aNew Delhi
_bS. Chand Publishing
_c2024
270 _aD-92, Sector 2
_bNew Delhi
_e201301
300 _a530पृ.
_c26सेमी(अजिल्द)
500 _aटॉपिक वाइज कम्पलीट कवरेज विस्तृत व्याख्या & शोर्ट ट्रिक्स के साथ
942 _2ddc
_h000
_mअग्रवा
_e1
_cHN
999 _c211898
_d211898